'K' Word Conundrum Quiz Stats

 Plays Quiz Updated Dec 14, 2012

Challenge
Share
Tweet
Embed
Score 0/30 Timer 05:00
1 Play Today
% Correct
ketchup
98.2%
karate
98.2%
kidney
98%
kayak
97.8%
kaleidoscope
97.7%
kingdom
97.4%
knight
97.4%
keepsake
96.9%
known
96.8%
khaki
96.3%
kindest
95.9%
knuckled
95.1%
kosher
94.6%
klutz
94.2%
koalas
92.5%
% Correct
kumquat
88.5%
kimonos
88.3%
klaxon
76%
kudos
70.5%
killjoy
68.7%
kabob
68.7%
klatch
65.7%
kielbasa
65.1%
kibitz
60.8%
kibosh
60.5%
kakapo
55.9%
kugel
53.2%
kudzu
51.1%
kachina
46.6%
kampong
36.1%

You're not logged in!

Compare scores with friends on all Sporcle quizzes.
Join for Free
OR
Log In

You Might Also Like...

Show Comments

Extras

Top Quizzes Today


Score Distribution

Your Account Isn't Verified!

In order to create a playlist on Sporcle, you need to verify the email address you used during registration. Go to your Sporcle Settings to finish the process.

Report this User

Report this user for behavior that violates our Community Guidelines.

Details: